Ensayos sobre historia económica colombiana / (Registro nro. 5448)
[ vista simple ]
| 000 -LEADER | |
|---|---|
| fixed length control field | 01354nam a2200241Ia 4500 |
| 003 - CONTROL NUMBER IDENTIFIER | |
| control field | OSt |
| 005 - DATE AND TIME OF LATEST TRANSACTION | |
| control field | 20200714123037.0 |
| 008 - FIXED-LENGTH DATA ELEMENTS--GENERAL INFORMATION | |
| fixed length control field | 191128s1980 ck ad gr 000 0 spa d |
| 040 ## - CATALOGING SOURCE | |
| Original cataloging agency | CO-JMCR |
| Transcribing agency | CO-JMCR |
| 041 0# - LANGUAGE CODE | |
| Language code of text/sound track or separate title | spa |
| 082 14 - DEWEY DECIMAL CLASSIFICATION NUMBER | |
| Classification number | 330.986 / |
| Item number | F986e |
| Edition number | 23 |
| 110 1# - MAIN ENTRY--CORPORATE NAME | |
| Corporate name or jurisdiction name as entry element | Colombia. Fundación para la Educación y el Desarrollo |
| 9 (RLIN) | 7190 |
| 245 10 - TITLE STATEMENT | |
| Title | Ensayos sobre historia económica colombiana / |
| Statement of responsibility, etc. | Fundación para la Educación Superior y el Desarrollo Fedesarrollo |
| 250 ## - EDITION STATEMENT | |
| Edition statement | Primera edición |
| 260 ## - PUBLICATION, DISTRIBUTION, ETC. | |
| Place of publication, distribution, etc. | Bogotá : |
| Name of publisher, distributor, etc. | Fundación para la Educación Superior y el Desarrollo Fedesarrollo, |
| Date of publication, distribution, etc. | 1980. |
| 300 ## - PHYSICAL DESCRIPTION | |
| Extent | 242 páginas : |
| Other physical details | gráficos a blanco y negro ; |
| Dimensions | 24 cm. |
| 505 0# - FORMATTED CONTENTS NOTE | |
| Formatted contents note | Los esclavos en la gobernación de Popayán 1680-1780: Germán Colmenares -- La producción agrícola en Popayán en el siglo XVIII, según las cuentas de diezmo -- Cambios en el nivel de vida de las clases trabajadoras en la Nueva Granada a finales del siglo XV |
| 520 0# - SUMMARY, ETC. | |
| Summary, etc. | En este volumen se recopilan una serie de ensayos de historia económica colombiana. Todo ellos, utilizando métodos cuantitativos y serie estadística históricas, sugieren interpretaciones originales sobre el desencolcimiento económico del país. |
| 650 14 - SUBJECT ADDED ENTRY--TOPICAL TERM | |
| Topical term or geographic name entry element | Economía |
| Form subdivision | Colombia |
| 9 (RLIN) | 7191 |
| 650 24 - SUBJECT ADDED ENTRY--TOPICAL TERM | |
| Topical term or geographic name entry element | Historia |
| Form subdivision | Colombia |
| 9 (RLIN) | 7192 |
| 650 24 - SUBJECT ADDED ENTRY--TOPICAL TERM | |
| Topical term or geographic name entry element | Esclavos |
| Form subdivision | Colombia |
| 9 (RLIN) | 7193 |
| 942 ## - ADDED ENTRY ELEMENTS (KOHA) | |
| Source of classification or shelving scheme | Dewey Decimal Classification |
| Koha item type | Books |
| Withdrawn status | Lost status | Source of classification or shelving scheme | Materials specified (bound volume or other part) | Damaged status | Not for loan | Home library | Current library | Shelving location | Date acquired | Source of acquisition | Total Checkouts | Full call number | Barcode | Date last seen | Date last checked out | Copy number | Price effective from | Koha item type |
|---|---|---|---|---|---|---|---|---|---|---|---|---|---|---|---|---|---|---|
| Dewey Decimal Classification | Donación--15/04/2018-- | Biblioteca Pública José María del Castillo y Rada | Biblioteca Pública José María del Castillo y Rada | General Stacks | 11/28/2019 | Donación | 1 | 330.986 / F986e | 201811185 | 05/13/2025 | 05/12/2025 | Ej.3 | 11/28/2019 | Books |